| 000 | 00444cam a2200181ua 4500 | ||
|---|---|---|---|
| 020 | _c11.75 | ||
| 041 |
_aeng _h |
||
| 082 |
_a536.7 _bTRI/TH |
||
| 100 | _aTribus, Myron . | ||
| 245 |
_aThermostatics and thermodynamics / _cMyron Tribus. _hTextual Documents |
||
| 250 |
_a1 / _b. |
||
| 260 |
_aToronto : _bD Van nostrand co , _c1961. |
||
| 300 | _a649 ; . | ||
| 365 | _a11.75 | ||
| 504 | _a | ||
| 942 | _cBK | ||
| 999 |
_c11050 _d11050 |
||